Los países vecinos aleatorios más pequeños - Estadísticas

Estadísticas generales
  • Esta prueba ha sido intentada 122 veces
  • La puntuación promedio es 13 de 16
Estadísticas de respuestas
Pais ... y es el vecino más pequeño % Correcto
Dinamarca Alemania
100%
España Andorra
100%
España Andorra
100%
Turquía Armenia
100%
Georgia Armenia
100%
Países Bajos Bélgica
100%
Países Bajos Bélgica
100%
Luxemburgo Bélgica
100%
Luxemburgo Bélgica
100%
Mexico Belice
100%
Nigeria Benin
100%
Paraguay Bolivia
100%
Chile Bolivia
100%
Ruanda Burundi
100%
India Bután
100%
Laos Camboya
100%
Italia Ciudad del Vaticano
100%
Ecuador Colombia
100%
Corea del Sur Corea del Norte
100%
Corea del Norte Corea del Sur
100%
Nicaragua Costa Rica
100%
Panama Costa Rica
100%
Peru Ecuador
100%
Honduras El Salvador
100%
Guatemala El Salvador
100%
Honduras El Salvador
100%
Oman Emiratos Árabes Unidos
100%
Polonia Eslovaquia
100%
Croatia Eslovenia
100%
Hungría Eslovenia
100%
Portugal España
100%
Andorra España
100%
Canada Estados Unidos
100%
Letonia Estonia
100%
Monaco Francia
100%
República del congo Gabon
100%
Senegal Gambia
100%
Armenia Georgia
100%
Belice Guatemala
100%
Guinea-Bissau Guinea
100%
Guinea Guinea-Bissau
100%
Camerún Guinea Ecuatorial
100%
Venezuela Guyana
100%
Surinam Guyana
100%
Nepal India
100%
Nepal India
100%
Timor oriental Indonesia
100%
Reino Unido Irlanda
100%
Líbano Israel
100%
Egipto Israel
100%
Ciudad del Vaticano Italia
100%
Kazajistán Kirguistán
100%
Tayikistán Kirguistán
100%
Albania Kosovo
100%
Montenegro Kosovo
100%
Irak Kuwait
100%
Myanmar Laos
100%
Tailandia Laos
100%
Vietnam Laos
100%
Camboya Laos
100%
Camboya Laos
100%
Lituania Letonia
100%
Estonia Letonia
100%
Siria Líbano
100%
Siria Líbano
100%
Costa de Marfil Liberia
100%
Sierra Leona Liberia
100%
Suiza Liechtenstein
100%
Austria Liechtenstein
100%
Grecia Macedonia del norte
100%
Ucrania Moldavia
100%
Francia Monaco
100%
Bangladés Myanmar
100%
Suecia Noruega
100%
Finland Noruega
100%
Yemen Oman
100%
Emiratos Árabes Unidos Oman
100%
Bolivia Paraguay
100%
Irlanda Reino Unido
100%
República Democrática del Congo Ruanda
100%
Gambia Senegal
100%
Sudáfrica Suazilandia
100%
Lesoto Sudáfrica
100%
Liechtenstein Suiza
100%
Brasil Surinam
100%
Guyana Surinam
100%
Burkina Faso Togo
100%
Ghana Togo
100%
Benin Togo
100%
Argelia Túnez
100%
Libia Túnez
100%
Kenia Uganda
100%
Kenia Uganda
100%
Argentina Uruguay
100%
Turkmenistan Uzbekistan
100%
Etiopia Yibuti
100%
Somalia Yibuti
100%
Zimbabue Zambia
100%
Uruguay Argentina
83%
Kuwait Irak
80%
Argentina Uruguay
80%
Peru Ecuador
75%
Bulgaria Macedonia del norte
75%
Liberia Sierra Leona
75%
Ghana Togo
75%
Yibuti Eritrea
67%
Papua Nueva Guinea Indonesia
67%
Bielorrusia Letonia
67%
Burundi Ruanda
67%
Moldavia Rumania
67%
Mauritania Senegal
67%
Suazilandia Sudáfrica
67%
Azerbaiyán Armenia
50%
Malasia Brunei
50%
Marruecos España
50%
Guinea Ecuatorial Gabon
50%
San Marino Italia
50%
Bélgica Luxemburgo
50%
Alemania Luxemburgo
50%
Brunei Malasia
50%
Colombia Panama
50%
Costa Rica Panama
50%
República Centroafricana República del congo
50%
Tanzania Ruanda
50%
Uganda Ruanda
50%
Uzbekistan Tayikistán
50%
Kirguistán Tayikistán
50%
Indonesia Timor oriental
50%
Indonesia Timor oriental
50%
Sudán del Sur Uganda
50%
Eslovenia Croacia
40%
Eslovaquia Republica checa
33%
Pakistan Afganistan
0%
Iran Armenia
0%
Niger Benin
0%
Nigeria Benin
0%
Togo Benin
0%
Chile Bolivia
0%
Namibia Botsuana
0%
Chad Camerún
0%
Arabia Saudita Catar
0%
Mongolia China
0%
Mongolia China
0%
Sudan Eritrea
0%
Republica checa Eslovaquia
0%
Rusia Estonia
0%
Norway Finlandia
0%
El Salvador Guatemala
0%
Gabon Guinea Ecuatorial
0%
República Dominicana Haiti
0%
Bután India
0%
Palestine Jordania
0%
Serbia Kosovo
0%
Macedonia del norte Kosovo
0%
Lituania Letonia
0%
Túnez Libia
0%
Zambia Malaui
0%
Estados Unidos Mexico
0%
Rumania Moldavia
0%
Bosnia y Herzegovina Montenegro
0%
Kosovo Montenegro
0%
Colombia Panama
0%
Haiti República Dominicana
0%
Mali Senegal
0%
Mozambique Suazilandia
0%
Afganistan Tayikistán
0%
Argelia Túnez
0%
Etiopia Yibuti
0%
Eritrea Yibuti
0%
Angola Zambia
0%
Botsuana Zambia
0%
Malawi Zambia
0%
No se encontraron pruebas coincidentes
Distribución de puntuación
Porcentaje de gente con cada puntuación
Porcentaje por número respondido
Historial de tus puntuaciones
No has intentado esta prueba.